000 01045nac a22002651u 4500
010 _a 77007547
020 _a0471995290
082 0 0 _a521.54
_bDER
090 _c5787
_d5787
100 _aDermott, S. F.[ed.].
111 2 _aNATO Advanced Study Institute on the Origin of the Solar System,
_cUniversity of Newcastle upon Tyne,
_d1976.
245 0 4 _aThe origin of the solar system /
_cedited by S. F. Dermott.
260 _aChichester ;
_aNew York :
_bWiley,c1978.
_cc1978.
300 _axvii, 668 p. :
_bill. ;
_c24 cm.
500 _a"A Wiley-Interscience publication."
500 _aPapers presented at the NATO Advanced Study Institute held at the University of Newcastle upon Tyne, Mar. 29-Apr. 9, 1976.
500 _aDistributer : Al-Ahram.
504 _aIncludes bibliographies and indexes.
511 _aCatalogued By : Mahitab.
651 0 _aSolar system
_xOrigin
942 _cBB
_k521.54DER
_hRDA-MOD
999 _c5787
_d5787
336 _2rdacontent
_atext
_btxt
337 _aunmediated
_2rdamedia
_bn
338 _avolume
_bnc
_2rdacarrier